000 00296nam a2200121Ia 4500
008 191201s2011 xx 000 0 und d
100 _aROGERS, David F
245 0 _aProcedural Elements for Computer Graphics
260 _aN. Delhi
_bTMH
_c2011
300 _a711
650 _aMCA
942 _2ddc
_cBK
999 _c6102
_d6102